[Event "OLNW 1920 SF SK Union Oldenb"]
[Site "Hannover"]
[Date "2020.02.09"]
[Round "6.6"]
[White "Herrmann, Andreas"]
[Black "Schuette, Marc"]
[Result "1/2-1/2"]
[WhiteElo "2117"]
[BlackElo "2109"]
[PlyCount "158"]
[EventDate "2020.??.??"]
[EventType "team-tourn"]
[EventCountry "GER"]

1. d4 d5 2. Nf3 Nf6 3. Bg5 c6 4. Nbd2 Nbd7 5. e3 h6 6. Bh4 e6 7. Bd3 Be7 8. O-O
O-O 9. Qe2 c5 10. c3 b6 11. Ne5 Nxe5 12. dxe5 Nd7 13. Bxe7 Qxe7 14. f4 Bb7 15.
Nf3 Rad8 16. Rad1 f6 17. exf6 Rxf6 18. Bb5 Nb8 19. Ne5 c4 20. Qd2 Rc8 21. Ba4
a6 22. Bc2 Nc6 23. Ng4 Rf7 24. e4 Qc5+ 25. Kh1 Rd8 26. exd5 exd5 27. Bb1 d4 28.
cxd4 Nxd4 29. Qf2 Bc8 30. Ne5 Rf6 31. Qg3 Rdf8 32. Qe3 Rd8 33. b4 cxb3 34. axb3
Be6 35. Rc1 Qf8 36. Qd3 Bf5 37. Qc4+ Kh7 38. Bxf5+ Nxf5 39. Qe4 Rd4 40. Qb1 Kg8
41. Rc7 Ne3 42. Rg1 Qd8 43. Qc1 Nd1 44. Ng4 Rf8 45. h3 h5 46. Ne5 Nf2+ 47. Kh2
Ng4+ 48. Nxg4 hxg4 49. Qc6 Qf6 50. Qxf6 Rxf6 51. g3 Rh6 52. h4 Re6 53. Rc3 Re2+
54. Rg2 Rdd2 55. Rxe2 Rxe2+ 56. Kg1 Rb2 57. Kf1 Kf7 58. Rc7+ Kf6 59. Rc3 Kf5
60. Re3 b5 61. h5 Kf6 62. Rc3 a5 63. Ke1 Ke6 64. Kd1 Kd5 65. Rc7 Rxb3 66. Rxg7
Rxg3 67. Rg5+ Kc4 68. f5 Kd3 69. Kc1 a4 70. f6 a3 71. Kb1 b4 72. h6 b3 73. Rd5+
Kc3 74. Rd1 Rg2 75. f7 Rb2+ 76. Ka1 Ra2+ 77. Kb1 Rb2+ 78. Ka1 Rf2 79. h7 Ra2+
1/2-1/2

[Event "OLNW 1920 SF SK Union Oldenb"]
[Site "Hannover"]
[Date "2020.02.09"]
[Round "6.7"]
[White "Buerckner, Hartmut"]
[Black "Ploog, Martin"]
[Result "1-0"]
[WhiteElo "2179"]
[BlackElo "2029"]
[PlyCount "101"]
[EventDate "2020.??.??"]
[EventType "team-tourn"]
[EventCountry "GER"]

1. Nf3 g6 2. g3 Bg7 3. Bg2 Nf6 4. c4 O-O 5. O-O d6 6. Nc3 e5 7. d4 Nc6 8. e3
Bf5 9. Nh4 Bg4 10. Qd3 Qd7 11. d5 Nb4 12. Qd2 a5 13. e4 Qe7 14. b3 h5 15. Nb5
Ne8 16. a3 Na6 17. Qxa5 Bf6 18. Qe1 Nc5 19. Bh6 Ng7 20. b4 Nb3 21. Rb1 Nd4 22.
Nxd4 exd4 23. Bc1 Rfe8 24. Rb3 Bd7 25. Qd2 c5 26. bxc5 dxc5 27. Rxb7 g5 28. Nf3
g4 29. Ne1 Qd6 30. Nd3 Red8 31. Qc2 Ba4 32. Qe2 Re8 33. f3 Be7 34. fxg4 Qa6 35.
Rxe7 Rxe7 36. Nxc5 Qb6 37. Nd3 Qb3 38. gxh5 Qxc4 39. h6 Ne8 40. d6 Re6 41. e5
Ra7 42. Be4 Kh8 43. Qf3 Bb5 44. Bg5 f6 45. Rc1 Qb3 46. Rc8 Rf7 47. Bd5 Qb1+ 48.
Rc1 fxg5 49. Qxf7 Qxd3 50. Qf8+ Kh7 51. Rc7+ 1-0

[Event "OLNW 1920 SF SK Union Oldenb"]
[Site "Hannover"]
[Date "2020.02.09"]
[Round "6.8"]
[White "Witthaus, Joerg"]
[Black "Warns, Heiko"]
[Result "1/2-1/2"]
[WhiteElo "2026"]
[BlackElo "2067"]
[PlyCount "80"]
[EventDate "2020.??.??"]
[EventType "team-tourn"]
[EventCountry "GER"]

1. d4 Nf6 2. Nf3 e6 3. c4 Bb4+ 4. Bd2 Qe7 5. g3 Nc6 6. Nc3 O-O 7. Bg2 Bxc3 8.
Bxc3 Ne4 9. Rc1 Nxc3 10. Rxc3 d6 11. O-O a5 12. a3 a4 13. d5 Nb8 14. e4 e5 15.
Nh4 g6 16. Qe1 Nd7 17. f4 f6 18. h3 Nc5 19. f5 g5 20. Nf3 h5 21. Qe3 Qg7 22.
Rf2 Bd7 23. Bf1 Ra6 24. g4 h4 25. Ne1 Qe7 26. Nf3 Qg7 27. Ne1 Ra5 28. Nd3 Nxd3
29. Bxd3 Rc5 30. Bc2 Ra8 31. Bxa4 Bxa4 32. b4 Qe7 33. Rb2 b6 34. bxc5 dxc5 35.
Rd3 Qd6 36. Qd2 Kg7 37. Kf2 Ra5 38. Ke3 Ra7 39. Rb1 Ra5 40. Rb2 Ra7 1/2-1/2

[Event "OLNW 1920 Hamelner SV - SK Kirchweyhe"]
[Site "?"]
[Date "2020.02.09"]
[Round "6.1"]
[White "Stevic, Hrvoje"]
[Black "Bode, Wilfried"]
[Result "1/2-1/2"]
[WhiteElo "2576"]
[BlackElo "2346"]
[PlyCount "72"]
[EventDate "2020.??.??"]
[EventType "team-tourn"]

1. e4 d6 2. d4 Nf6 3. Nc3 e5 4. Nf3 exd4 5. Nxd4 Be7 6. g3 O-O 7. Bg2 Re8 8.
O-O Na6 9. h3 c6 10. Re1 Bf8 11. Bf4 Bd7 12. Qd2 Qc7 13. Nf3 Be6 14. Ng5 Rad8
15. Nxe6 Rxe6 16. Qd4 Qb6 17. Qxb6 axb6 18. h4 b5 19. Rad1 Ree8 20. Bg5 Be7 21.
e5 dxe5 22. Rxe5 Kf8 23. Rde1 h6 24. Bf4 Bd6 25. Rxe8+ Nxe8 26. Bc1 Be7 27. Bf3
Nd6 28. Bd1 Nc5 29. a3 Bf6 30. Ne2 Nc4 31. b3 Nb2 32. Bxb2 Bxb2 33. Nf4 Bxa3
34. Bg4 Na6 35. h5 Bd6 36. Nd3 Nb4 1/2-1/2

[Event "OLNW 1920 Hamelner SV - SK Kirchweyhe"]
[Site "?"]
[Date "2020.02.09"]
[Round "6.2"]
[White "Tonndorf, Matthias"]
[Black "Kovacevic, Aleksandar"]
[Result "0-1"]
[WhiteElo "2193"]
[BlackElo "2476"]
[PlyCount "126"]
[EventDate "2020.??.??"]
[EventType "team-tourn"]

1. e4 c5 2. Nf3 d6 3. d4 cxd4 4. Nxd4 Nf6 5. Nc3 a6 6. f3 e5 7. Nb3 Be6 8. Be3
Be7 9. Qd2 O-O 10. O-O-O Nbd7 11. Kb1 b5 12. Nd5 Bxd5 13. exd5 Nb6 14. Bxb6
Qxb6 15. Qa5 Qb7 16. Bd3 Rfc8 17. g4 Bd8 18. Qb4 Qb6 19. g5 Nh5 20. Qe4 g6 21.
Rhg1 Nf4 22. h4 a5 23. Nc1 b4 24. Ne2 Nh3 25. h5 Nxg1 26. Rxg1 a4 27. f4 b3 28.
cxb3 axb3 29. a3 Qc5 30. Rc1 Qa7 31. Rf1 Qc5 32. Rc1 Qf2 33. Rh1 Qc5 34. Rc1
Qa7 35. Rf1 Qa4 36. Qf3 Rc2 37. Bxc2 bxc2+ 38. Kc1 exf4 39. Qxf4 Qxf4+ 40. Nxf4
Rc8 41. Nh3 Bb6 42. Rf3 Bd4 43. Rb3 gxh5 44. Nf4 h4 45. Ne2 Be5 46. Rh3 f6 47.
gxf6 Bxf6 48. Nc3 Kg7 49. Kxc2 Kg6 50. Kd3 Kh5 51. Nd1 Rc1 52. Kd2 Bg5+ 53. Ne3
Rc5 54. b4 Rxd5+ 55. Kc3 Re5 56. Nc4 Re1 57. Rd3 Kg4 58. Rd4+ Kg3 59. Rd5 h6
60. Nxd6 h3 61. Rd3+ Kg2 62. Nf5 h2 63. Rg3+ Kf2 0-1

[Event "OLNW 1920 Hamelner SV - SK Kirchweyhe"]
[Site "?"]
[Date "2020.02.09"]
[Round "6.3"]
[White "Palac, Mladen"]
[Black "Renner, Kai"]
[Result "1-0"]
[WhiteElo "2536"]
[BlackElo "2187"]
[PlyCount "75"]
[EventDate "2020.??.??"]
[EventType "team-tourn"]

1. Nf3 f5 2. d3 d6 3. e4 e5 4. Nc3 c5 5. g3 Nf6 6. Bg5 Be7 7. Bh3 fxe4 8. Bxc8
Qxc8 9. Bxf6 Bxf6 10. dxe4 Qc6 11. Nd2 Na6 12. Nc4 Rd8 13. Qg4 Nc7 14. Ne3 Qd7
15. Qd1 O-O 16. h4 Qe6 17. Ncd5 Nxd5 18. Qxd5 Qxd5 19. Nxd5 Rd7 20. Rd1 Kf7 21.
Ke2 Ke6 22. c3 Bd8 23. f4 Rdf7 24. f5+ Kd7 25. Rdf1 b5 26. g4 h6 27. a4 bxa4
28. Ra1 Kc6 29. Rxa4 a5 30. b4 Kb5 31. Rha1 axb4 32. cxb4 Bxh4 33. Ra5+ Kc4 34.
bxc5 dxc5 35. Rc1+ Kb3 36. Rb5+ Ka2 37. Nc3+ Ka3 38. Ra1# 1-0

[Event "OLNW 1920 Hamelner SV - SK Kirchweyhe"]
[Site "?"]
[Date "2020.02.09"]
[Round "6.4"]
[White "van Son, Lutz"]
[Black "Brkic, Ante"]
[Result "0-1"]
[WhiteElo "2157"]
[BlackElo "2594"]
[PlyCount "120"]
[EventDate "2020.??.??"]
[EventType "team-tourn"]

1. e4 c5 2. Nf3 d6 3. Bb5+ Nd7 4. O-O a6 5. Bd3 Ngf6 6. c3 e5 7. Bc2 b5 8. d4
Be7 9. Bg5 O-O 10. Qe2 Bb7 11. Nbd2 Rc8 12. dxe5 dxe5 13. c4 Bc6 14. Rfd1 Qb6
15. b3 Rfe8 16. Bxf6 Bxf6 17. Nf1 g6 18. Ne3 Bg7 19. Nd5 Qb7 20. Rac1 Nf8 21.
Bd3 Ne6 22. g3 b4 23. Qd2 a5 24. Kg2 a4 25. Qb2 Ra8 26. h4 h5 27. Re1 Ra6 28.
Rcd1 Qc8 29. Kh2 Qa8 30. Bb1 axb3 31. axb3 Ra3 32. Rd2 Qb7 33. Qc2 Ra1 34. Qb2
Qa7 35. Ree2 Ra3 36. Qc2 Nf8 37. Rd1 Ne6 38. Rdd2 Nf8 39. Rd1 Bd7 40. Ne1 Bg4
41. f3 Bc8 42. Re3 Ne6 43. Qb2 Kh8 44. Nc2 Ra5 45. Red3 Ra6 46. Qc1 f5 47. Qe3
Qf7 48. Qg1 Rf8 49. exf5 gxf5 50. Re3 Rg8 51. Qe1 e4 52. fxe4 f4 53. Rf3 Be5
54. Nce3 Nd4 55. Rf1 f3 56. Kh1 Rxg3 57. Nf5 Rh3+ 58. Kg1 Qg6+ 59. Kf2 Qg2+ 60.
Ke3 f2+ 0-1

[Event "OLNW 1920 Hamelner SV - SK Kirchweyhe"]
[Site "?"]
[Date "2020.02.09"]
[Round "6.5"]
[White "Jovanovic, Zoran"]
[Black "Schmidt, Dennis"]
[Result "1-0"]
[WhiteElo "2524"]
[BlackElo "2046"]
[PlyCount "85"]
[EventDate "2020.??.??"]
[EventType "team-tourn"]

1. e4 c5 2. Nc3 d6 3. f4 Nc6 4. Nf3 Bg4 5. Bb5 Rc8 6. h3 Bxf3 7. Qxf3 a6 8.
Bxc6+ Rxc6 9. d3 e6 10. O-O Qd7 11. Bd2 h5 12. Rae1 Kd8 13. a3 Rc7 14. f5 Nf6
15. fxe6 fxe6 16. e5 dxe5 17. Ne4 Nxe4 18. Rxe4 Qc6 19. Rxe5 Bd6 20. Rxh5 Rxh5
21. Qxh5 Rd7 22. Ba5+ b6 23. Bc3 Qd5 24. Qxd5 exd5 25. Rf5 d4 26. Bd2 Ke7 27.
g4 Ke6 28. Kf1 b5 29. h4 Be7 30. h5 Rb7 31. Ke2 Ra7 32. Kf3 Ra8 33. Ke4 Rc8 34.
Bg5 Bd6 35. Bf4 Be7 36. Be5 Rg8 37. Rf1 Bg5 38. b4 cxb4 39. axb4 Bd2 40. Ra1
Ra8 41. Bxg7 Bxb4 42. Bxd4 a5 43. g5 1-0

[Event "OLNW 1920 Hamelner SV - SK Kirchweyhe"]
[Site "?"]
[Date "2020.02.09"]
[Round "6.6"]
[White "Koch, Yannick"]
[Black "Zelcic, Robert"]
[Result "0-1"]
[WhiteElo "2082"]
[BlackElo "2529"]
[PlyCount "90"]
[EventDate "2020.??.??"]
[EventType "team-tourn"]

1. d4 Nf6 2. c4 e6 3. Nc3 Bb4 4. Qc2 O-O 5. Nf3 d6 6. a3 Bxc3+ 7. Qxc3 Ne4 8.
Qc2 f5 9. g3 b6 10. Bg2 Bb7 11. O-O Qc8 12. Bf4 Nf6 13. Rfd1 Be4 14. Qc3 Nbd7
15. Ng5 Bxg2 16. Kxg2 Qe8 17. d5 e5 18. Bd2 Nc5 19. f3 h6 20. Nh3 Qh5 21. b4
Ncd7 22. Re1 a5 23. e3 Qf7 24. Qc2 e4 25. f4 axb4 26. axb4 b5 27. Ra5 bxc4 28.
Qxc4 Rxa5 29. bxa5 Qxd5 30. Qxd5+ Nxd5 31. Rb1 Rb8 32. Rxb8+ Nxb8 33. g4 g6 34.
gxf5 gxf5 35. Ng1 Kf7 36. Ne2 c5 37. Kh3 Nc6 38. Nc3 Ndb4 39. Nb5 Nxa5 40.
Nxd6+ Ke6 41. Ne8 Nc4 42. Ng7+ Kd5 43. Be1 Nd3 44. Bc3 Nxe3 45. Kg3 c4 0-1

[Event "OLNW 1920 Hamelner SV - SK Kirchweyhe"]
[Site "?"]
[Date "2020.02.09"]
[Round "6.7"]
[White "Genov, Petar"]
[Black "David, Adrian"]
[Result "1/2-1/2"]
[WhiteElo "2425"]
[BlackElo "2231"]
[PlyCount "52"]
[EventDate "2020.??.??"]
[EventType "team-tourn"]

1. d4 e6 2. c4 b6 3. a3 Nf6 4. Nc3 Bb7 5. Nf3 d5 6. Qc2 Be7 7. Bg5 O-O 8. e3
Nbd7 9. cxd5 exd5 10. Bd3 h6 11. Bf4 a6 12. O-O c5 13. Rad1 c4 14. Bf5 Re8 15.
Ne5 Nf8 16. e4 b5 17. f3 Bd6 18. Qf2 Ne6 19. Be3 Qc7 20. Qg3 Nxd4 21. Bxd4 Bxe5
22. Bxe5 Qxe5 23. f4 Qc7 24. e5 Ne4 25. Nxe4 dxe4 26. Qe3 Rad8 1/2-1/2

[Event "OLNW 1920 Hamelner SV - SK Kirchweyhe"]
[Site "?"]
[Date "2020.02.09"]
[Round "6.8"]
[White "Reichelt, Ole"]
[Black "Medak, Bojan"]
[Result "1/2-1/2"]
[WhiteElo "1909"]
[BlackElo "2366"]
[PlyCount "111"]
[EventDate "2020.??.??"]
[EventType "team-tourn"]

1. d4 d6 2. Nc3 Nf6 3. e4 g6 4. Nf3 Bg7 5. Be2 O-O 6. O-O c6 7. Bf4 Nbd7 8. Qd2
Qb6 9. a3 e5 10. dxe5 dxe5 11. Be3 Qc7 12. h3 Nh5 13. Rfd1 Nf4 14. Bf1 Re8 15.
Qd6 Qd8 16. Bxf4 exf4 17. Qxf4 Qe7 18. Bc4 Ne5 19. Nxe5 Bxe5 20. Qf3 b5 21. Bb3
a5 22. Qd3 Ra7 23. Rab1 Qf6 24. Qe3 Rae7 25. Rd3 Ba6 26. Qf3 b4 27. Qxf6 Bxf6
28. Rf3 Bg5 29. axb4 axb4 30. h4 Bd2 31. Na4 Be2 32. Rf6 Kg7 33. Rxc6 Rxe4 34.
Rc7 Rxh4 35. Bxf7 Bf4 36. Bxe8+ Bxc7 37. g3 Rc4 38. Bb5 Rxc2 39. Bxe2 Rxe2 40.
Rd1 Be5 41. Kf1 Rc2 42. b3 h5 43. Rd5 Bf6 44. Rd7+ Kf8 45. Nb6 Rb2 46. Nd5 Bc3
47. Rb7 Bd4 48. Rxb4 Rxf2+ 49. Ke1 Ba7 50. Ra4 Rf7 51. Nf4 Kg7 52. Ra6 Bb8 53.
Rxg6+ Kh7 54. Rb6 Bxf4 55. gxf4 Rxf4 56. Rc6 1/2-1/2

[Event "OLNW 1920 Delmenhorster SK - HSK Lister"]
[Site "?"]
[Date "2020.03.01"]
[Round "7.1"]
[White "Schneider, Ilja"]
[Black "Hoeffer, David"]
[Result "0-1"]
[WhiteElo "2486"]
[BlackElo "2328"]
[PlyCount "120"]
[EventDate "2020.??.??"]
[EventType "team-tourn"]

1. e4 Nc6 2. Nf3 e5 3. Nc3 Nf6 4. d4 exd4 5. Nxd4 Bb4 6. Nxc6 bxc6 7. Bd3 d5 8.
exd5 cxd5 9. O-O O-O 10. h3 c6 11. Qf3 Re8 12. Bf4 Bd6 13. Rfe1 Be6 14. Rad1
Qc7 15. Bxd6 Qxd6 16. Ne2 Qb4 17. b3 a5 18. Qf4 Qxf4 19. Nxf4 a4 20. b4 a3 21.
Rb1 g5 22. Ne2 Bd7 23. f3 Nh5 24. Kf2 f5 25. Nd4 Ng7 26. Rxe8+ Rxe8 27. Rb3 Ra8
28. c3 f4 29. Rb1 h6 30. Bg6 Kf8 31. Re1 Ra6 32. Bd3 Ra8 33. c4 dxc4 34. Bxc4
Ra4 35. Nc2 Bf5 36. Rc1 Bxc2 37. Rxc2 Rxb4 38. Bb3 Rb6 39. h4 Nf5 40. Rc4 Nxh4
41. g3 fxg3+ 42. Kxg3 Nf5+ 43. Kh3 Ra6 44. Re4 c5 45. f4 Nd4 46. Bc4 Ra4 47.
Bd3 gxf4 48. Rxf4+ Ke7 49. Rh4 Rb4 50. Rxh6 c4 51. Bh7 c3 52. Ra6 c2 53. Bxc2
Nxc2 54. Kg3 Rb2 55. Kf3 Rxa2 56. Ke4 Ra1 57. Ra7+ Kd6 58. Kd3 Nb4+ 59. Kc3 a2
60. Kxb4 Rb1+ 0-1

[Event "OLNW 1920 Delmenhorster SK - HSK Lister"]
[Site "?"]
[Date "2020.03.01"]
[Round "7.2"]
[White "Hedke, Fred"]
[Black "Walter, Stefan"]
[Result "1/2-1/2"]
[WhiteElo "2231"]
[BlackElo "2390"]
[PlyCount "62"]
[EventDate "2020.??.??"]
[EventType "team-tourn"]

1. e4 e5 2. Nf3 Nc6 3. d4 exd4 4. c3 d5 5. exd5 Qxd5 6. cxd4 Bg4 7. Be2 Bb4+ 8.
Nc3 Bxf3 9. Bxf3 Qc4 10. Bxc6+ bxc6 11. Qe2+ Qxe2+ 12. Kxe2 O-O-O 13. Be3 Ne7
14. Rhd1 Rhe8 15. Rac1 Nf5 16. Na4 Nxd4+ 17. Kf1 Nb5 18. Rxd8+ Rxd8 19. Rxc6
Rd1+ 20. Ke2 Nd4+ 21. Kxd1 Nxc6 22. Kc2 Bd6 23. g3 Kd7 24. a3 a6 25. Kd3 Ne5+
26. Ke4 Ke6 27. h3 f5+ 28. Kd4 Nf3+ 29. Kc4 Ne5+ 30. Kd4 Nf3+ 31. Kc4 Ne5+
1/2-1/2

[Event "OLNW 1920 Delmenhorster SK - HSK Lister"]
[Site "?"]
[Date "2020.03.01"]
[Round "7.3"]
[White "Buchenau, Frank"]
[Black "Pahl, Erik"]
[Result "1-0"]
[WhiteElo "2272"]
[BlackElo "2108"]
[PlyCount "63"]
[EventDate "2020.??.??"]
[EventType "team-tourn"]

1. e4 c5 2. Nf3 d6 3. Bb5+ Nd7 4. O-O a6 5. Bd3 Ngf6 6. Re1 e6 7. c3 b5 8. Bc2
c4 9. b4 Nb6 10. a4 bxa4 11. Bxa4+ Nxa4 12. Qxa4+ Nd7 13. Qc6 Rb8 14. Qxc4 Nb6
15. Qb3 Be7 16. d4 O-O 17. Bf4 Bb7 18. c4 d5 19. exd5 Rc8 20. Nbd2 exd5 21. c5
Nd7 22. Qd3 Nf6 23. Nb3 Ne4 24. Na5 Qd7 25. Ne5 Qf5 26. Nxb7 Qxf4 27. f3 Bh4
28. fxe4 Bf2+ 29. Kh1 Bxe1 30. Rxe1 f6 31. Nd7 dxe4 32. Qb3+ 1-0

[Event "OLNW 1920 Delmenhorster SK - HSK Lister"]
[Site "?"]
[Date "2020.03.01"]
[Round "7.4"]
[White "Pahl, Theis"]
[Black "Hampel, Felix"]
[Result "0-1"]
[WhiteElo "2064"]
[BlackElo "2295"]
[PlyCount "76"]
[EventDate "2020.??.??"]
[EventType "team-tourn"]

1. e4 c5 2. Nc3 Nc6 3. Bb5 Nd4 4. Nf3 e6 5. O-O a6 6. Bd3 Ne7 7. Nxd4 cxd4 8.
Ne2 Nc6 9. b3 d5 10. exd5 Qxd5 11. Bb2 Bc5 12. Ng3 O-O 13. c4 Qg5 14. f4 Qh4
15. Ne4 Be7 16. Qe2 f5 17. Ng3 Bd7 18. Rae1 Rae8 19. Qf2 Qf6 20. a3 a5 21. Kh1
Bc5 22. Qf3 b6 23. Bb1 g6 24. Ne2 Rf7 25. Nc1 g5 26. Nd3 Rg7 27. Ne5 Nxe5 28.
fxe5 Qh6 29. Re2 g4 30. Qf4 Qh5 31. Qg3 Bc6 32. b4 axb4 33. axb4 Bxb4 34. Bxd4
Be7 35. Kg1 Bh4 36. Qd3 Rd8 37. Rf4 g3 38. h3 Bg5 0-1

[Event "OLNW 1920 Delmenhorster SK - HSK Lister"]
[Site "?"]
[Date "2020.03.01"]
[Round "7.5"]
[White "Schulze, Torben"]
[Black "Grebener, Soeren"]
[Result "1-0"]
[WhiteElo "2276"]
[BlackElo "2010"]
[PlyCount "61"]
[EventDate "2020.??.??"]
[EventType "team-tourn"]

1. e4 e5 2. Nf3 Nf6 3. d3 d6 4. g3 Be7 5. Bg2 O-O 6. O-O c6 7. c4 Qc7 8. Nc3 h6
9. Rb1 a5 10. Qe2 Rd8 11. Rd1 c5 12. a3 Nc6 13. Bd2 Bg4 14. Nb5 Qd7 15. Qf1 Nh7
16. h3 Be6 17. Kh2 f5 18. exf5 Bxf5 19. Qe2 Rf8 20. Be3 Kh8 21. Nc3 Rf7 22. Rf1
Raf8 23. Rbe1 Be6 24. Ne4 b6 25. Nfd2 d5 26. cxd5 Bxd5 27. Nc4 Bxc4 28. dxc4
Nd4 29. Qd2 Qa4 30. Qc3 Nc2 31. b3 1-0

[Event "OLNW 1920 Delmenhorster SK - HSK Lister"]
[Site "?"]
[Date "2020.03.01"]
[Round "7.6"]
[White "Sturm, Tobias"]
[Black "Virag, Attila Aba"]
[Result "0-1"]
[WhiteElo "2023"]
[BlackElo "2264"]
[PlyCount "64"]
[EventDate "2020.??.??"]
[EventType "team-tourn"]

1. e4 d5 2. exd5 Qxd5 3. Nc3 Qd6 4. Nf3 Nf6 5. g3 Bg4 6. Bg2 c6 7. d4 e6 8. Bf4
Qb4 9. Qd2 Nbd7 10. O-O Be7 11. a3 Qa5 12. h3 Bxf3 13. Bxf3 Qf5 14. g4 Qg6 15.
Bg2 Nb6 16. b3 O-O 17. Bg3 Rad8 18. Rfe1 h6 19. Ne4 Nxe4 20. Bxe4 Qf6 21. Be5
Qh4 22. Kg2 Bd6 23. Bd3 Nd5 24. Qe2 Bxe5 25. Qxe5 f5 26. Bc4 fxg4 27. Qxe6+ Kh8
28. Bxd5 gxh3+ 29. Kh1 Rxd5 30. Re4 Qxf2 31. Qxh3 Rg5 32. c4 Rg3 0-1

[Event "OLNW 1920 Delmenhorster SK - HSK Lister"]
[Site "?"]
[Date "2020.03.01"]
[Round "7.8"]
[White "Sinnhoefer, Jonas"]
[Black "Polster, Christian"]
[Result "1/2-1/2"]
[WhiteElo "1904"]
[BlackElo "2239"]
[PlyCount "81"]
[EventDate "2020.??.??"]
[EventType "team-tourn"]

1. e4 e6 2. d4 d5 3. Nd2 c5 4. dxc5 Bxc5 5. Nb3 Bb6 6. exd5 exd5 7. Nf3 Nc6 8.
Bg5 Nge7 9. Qd2 Bg4 10. Be2 O-O 11. O-O Qd7 12. Rfe1 Rad8 13. Nfd4 f6 14. Be3
Ne5 15. f3 Bh5 16. Bf2 Bf7 17. Rad1 Nc4 18. Qc1 Rc8 19. Bd3 Rfe8 20. Re2 Bg6
21. Rde1 Bxd3 22. cxd3 Na5 23. Qd2 Nxb3 24. Nxb3 Bxf2+ 25. Kxf2 Nc6 26. Nc5
Rxe2+ 27. Qxe2 Qf7 28. Qd2 d4 29. Nb3 Qd5 30. Qc2 Ne7 31. Qd2 Nc6 32. Qc2 Ne7
33. Qd2 Qd6 34. Qe2 Nc6 35. Rc1 Rd8 36. Nc5 Rb8 37. Nxb7 Rxb7 38. Qe8+ Qf8 39.
Qe6+ Kh8 40. Rxc6 Rxb2+ 41. Kg3 1/2-1/2

[Event "OLNW 1920 SK Kirchweyhe - SV Hellern"]
[Site "?"]
[Date "2020.03.01"]
[Round "7.1"]
[White "Lingnau, Carsten"]
[Black "Stevic, Hrvoje"]
[Result "1/2-1/2"]
[WhiteElo "2414"]
[BlackElo "2570"]
[PlyCount "38"]
[EventDate "2020.??.??"]
[EventType "team-tourn"]

1. d4 d5 2. c4 dxc4 3. Nf3 Nf6 4. e3 e6 5. Bxc4 c5 6. O-O a6 7. b3 cxd4 8. Nxd4
Be7 9. Bb2 O-O 10. Be2 Bd7 11. Nd2 Nc6 12. N4f3 b5 13. a3 Qb6 14. Rc1 Rac8 15.
Rc2 Rfd8 16. Qb1 h6 17. Rfc1 Qb7 18. Qa1 Be8 19. h3 Bd7 1/2-1/2

[Event "OLNW 1920 SK Kirchweyhe - SV Hellern"]
[Site "?"]
[Date "2020.03.01"]
[Round "7.3"]
[White "Lewin, Tammo"]
[Black "Palac, Mladen"]
[Result "0-1"]
[WhiteElo "2078"]
[BlackElo "2535"]
[PlyCount "72"]
[EventDate "2020.??.??"]
[EventType "team-tourn"]

1. d4 Nf6 2. c4 e6 3. Nf3 b6 4. a3 Bb7 5. Nc3 d5 6. cxd5 Nxd5 7. e3 Be7 8. Bb5+
c6 9. Bd3 c5 10. Nxd5 Qxd5 11. e4 Qd6 12. dxc5 bxc5 13. Qe2 O-O 14. O-O Rd8 15.
Bc4 Nc6 16. Re1 Bf6 17. Bg5 Nd4 18. Nxd4 Bxg5 19. Nf3 Bh6 20. Rad1 Qb6 21. Ne5
Qc7 22. Ng4 Bg5 23. g3 h5 24. h4 Bxh4 25. gxh4 hxg4 26. Qxg4 Qe5 27. f4 Rxd1
28. fxe5 Rxe1+ 29. Kf2 Rxe4 30. Qg5 Rxc4 31. h5 Rc2+ 32. Kf1 Rxb2 33. h6 Rg2
34. Qe7 Bd5 35. h7+ Kxh7 36. Qxf7 Rb8 0-1

[Event "OLNW 1920 SK Kirchweyhe - SV Hellern"]
[Site "?"]
[Date "2020.03.01"]
[Round "7.4"]
[White "Brkic, Ante"]
[Black "Weist, Thorben"]
[Result "1-0"]
[WhiteElo "2595"]
[BlackElo "2048"]
[PlyCount "45"]
[EventDate "2020.??.??"]
[EventType "team-tourn"]

1. e4 c5 2. Nf3 Nc6 3. d4 cxd4 4. Nxd4 g6 5. c4 Bg7 6. Be3 Nf6 7. Nc3 O-O 8.
Be2 d6 9. O-O Nxd4 10. Bxd4 a5 11. h3 Bd7 12. Qc2 Bc6 13. Rad1 Nd7 14. Bxg7
Kxg7 15. Bg4 a4 16. Rfe1 Ra5 17. Bxd7 Qxd7 18. e5 Rd8 19. Nb5 Kg8 20. exd6 exd6
21. Qc3 b6 22. Rxd6 Qc8 23. Qf6 1-0

[Event "OLNW 1920 SK Kirchweyhe - SV Hellern"]
[Site "?"]
[Date "2020.03.01"]
[Round "7.5"]
[White "Andre, Wolfgang"]
[Black "Jovanovic, Zoran"]
[Result "0-1"]
[WhiteElo "2144"]
[BlackElo "2517"]
[PlyCount "61"]
[EventDate "2020.??.??"]
[EventType "team-tourn"]

1. e4 d6 2. d4 Nf6 3. Nc3 e5 4. Nf3 Nbd7 5. Bc4 Be7 6. dxe5 Nxe5 7. Nxe5 dxe5
8. Qe2 c6 9. O-O O-O 10. h3 Nd7 11. a4 Bg5 12. Be3 Qe7 13. a5 h6 14. Qh5 Nc5
15. Bxg5 hxg5 16. Rfe1 Be6 17. Bf1 Rad8 18. h4 f6 19. hxg5 fxg5 20. Rad1 Bf7
21. Qh2 Qf6 22. Qg3 Ne6 23. Qe3 Nd4 24. Bd3 Bh5 25. Bc4+ Kh7 26. Be2 Bxe2 27.
Nxe2 Nxc2 28. Qh3+ Qh6 29. Qxh6+ gxh6 30. Rf1 g4 31. Kh2 0-1

[Event "OLNW 1920 SK Kirchweyhe - SV Hellern"]
[Site "?"]
[Date "2020.03.01"]
[Round "7.6"]
[White "Zelcic, Robert"]
[Black "Rein, Joachim"]
[Result "1-0"]
[WhiteElo "2530"]
[BlackElo "1936"]
[PlyCount "75"]
[EventDate "2020.??.??"]
[EventType "team-tourn"]

1. e4 e5 2. Nf3 d6 3. d4 exd4 4. Nxd4 Be7 5. g3 Nf6 6. Bg2 O-O 7. c4 Nc6 8. O-O
Nxd4 9. Qxd4 Nd7 10. Nc3 Bf6 11. Qd2 Ne5 12. b3 Be6 13. Bb2 Nc6 14. Rad1 Qc8
15. Nd5 Bxb2 16. Qxb2 f5 17. Rfe1 Bxd5 18. cxd5 Ne5 19. f4 Ng4 20. h3 Nh6 21.
e5 dxe5 22. fxe5 Qd8 23. d6 cxd6 24. exd6 Qg5 25. Qe5 Qg6 26. Qe6+ Qxe6 27.
Rxe6 Rab8 28. Re7 Rfd8 29. Bxb7 Kf8 30. Rc7 Nf7 31. d7 Ne5 32. Rd5 Ng6 33. Rc8
Ke7 34. Rxb8 Rxb8 35. Bc8 Kd8 36. Rxf5 Rb6 37. Rf7 Rd6 38. Rxg7 1-0

[Event "OLNW 1920 SK Kirchweyhe - SV Hellern"]
[Site "?"]
[Date "2020.03.01"]
[Round "7.7"]
[White "Meyjohann, Patrick"]
[Black "Genov, Petar"]
[Result "0-1"]
[WhiteElo "1870"]
[BlackElo "2424"]
[PlyCount "80"]
[EventDate "2020.??.??"]
[EventType "team-tourn"]

1. e4 c5 2. Nf3 e6 3. b3 Nc6 4. Bb2 Nge7 5. d4 cxd4 6. Nxd4 Nxd4 7. Qxd4 Nc6 8.
Qe3 Bb4+ 9. Nd2 O-O 10. Bd3 d6 11. O-O e5 12. Nf3 Qe7 13. Bc4 Be6 14. Qd3 Rad8
15. a3 Bc5 16. b4 Bb6 17. Bd5 Kh8 18. c4 Bg4 19. h3 Bxf3 20. Qxf3 Bd4 21. Bxc6
Bxb2 22. Ra2 Bd4 23. Bd5 g6 24. Re2 b6 25. Kh1 f5 26. exf5 Rxf5 27. Qd3 Qg7 28.
f3 Rdf8 29. Re4 a5 30. bxa5 bxa5 31. Rb1 Qh6 32. Be6 R5f6 33. Bg4 Qg7 34. h4
Qc7 35. Bh3 R8f7 36. Qb3 Kg7 37. Qd3 Qc6 38. Rb3 d5 39. cxd5 Qc1+ 40. Kh2 Qg1+
0-1

[Event "OLNW 1920 SK Lehrte - SF"]
[Site "Hannover"]
[Date "2020.03.01"]
[Round "7.1"]
[White "Ackermann, Dennie"]
[Black "Schirm, Friedmar"]
[Result "0-1"]
[WhiteElo "2122"]
[BlackElo "2260"]
[PlyCount "90"]
[EventDate "2020.??.??"]
[EventType "team-tourn"]
[EventCountry "GER"]

1. Nf3 Nf6 2. g3 d5 3. Bg2 c6 4. O-O Bf5 5. d3 h6 6. c4 e6 7. Nc3 Be7 8. cxd5
exd5 9. Qb3 Qb6 10. Qxb6 axb6 11. e4 dxe4 12. Nd4 Bh7 13. dxe4 O-O 14. Nf5 Bxf5
15. exf5 b5 16. Re1 Bc5 17. Ne4 Nxe4 18. Bxe4 Nd7 19. Bf4 Nf6 20. Bf3 Bd4 21.
Be5 Bxe5 22. Rxe5 Rfe8 23. Re3 Kf8 24. Kf1 Rxe3 25. fxe3 Ke7 26. Ke2 Kd6 27. e4
Ke5 28. Ke3 Ra4 29. b3 Rd4 30. Rc1 Nxe4 31. g4 Nf6 32. Rc5+ Nd5+ 33. Bxd5 Rxd5
34. Rc1 b4 35. Rc4 c5 36. Rc2 b6 37. Re2 Kf6 38. Kf3 h5 39. h3 Rd3+ 40. Kf4
Rd4+ 41. Kf3 hxg4+ 42. hxg4 b5 43. Re8 c4 44. Rb8 c3 45. Rxb5 Rc4 0-1